[Event "Kieler Open 2014-A"]
[Site "Kiel"]
[Date "2014.08.07"]
[Round "8.3"]
[White "Stopa, Jacek"]
[Black "Simantsev, Mikhail"]
[Result "1-0"]
[WhiteElo "2498"]
[BlackElo "2448"]
[PlyCount "67"]
[EventDate "2014.??.??"]

1. e4 c5 2. Nf3 e6 3. d4 cxd4 4. Nxd4 Nc6 5. Nc3 Qc7 6. f4 a6 7. Be3 Nxd4 8.
Qxd4 b5 9. O-O-O Bb7 10. Bd3 Rc8 11. Kb1 Qc5 12. Rhe1 Nf6 13. Qxc5 Bxc5 14.
Bxc5 Rxc5 15. e5 Nh5 16. Ne4 Bxe4 17. Rxe4 g6 18. a4 Ke7 19. g4 Ng7 20. Rd4
bxa4 21. Bxa6 Rd8 22. Rxa4 d5 23. exd6+ Rxd6 24. Rxd6 Kxd6 25. Bd3 h5 26. h3
hxg4 27. hxg4 Ne8 28. c4 Nf6 29. g5 Nh5 30. b4 Rc7 31. Ra6+ Ke7 32. b5 Nxf4 33.
b6 Rc8 34. Bf1 1-0

[Event "Kieler Open 2014-A"]
[Site "Kiel"]
[Date "2014.08.07"]
[Round "8.4"]
[White "Lanka, Zigurds"]
[Black "Wichmann, Cliff"]
[Result "1-0"]
[WhiteElo "2451"]
[BlackElo "2361"]
[PlyCount "59"]
[EventDate "2014.??.??"]
[WhiteTeam "Schott Mainz"]
[BlackTeam "Nickelhütte Aue"]

1. e4 e6 2. d4 d5 3. Nc3 Nf6 4. e5 Nfd7 5. f4 c5 6. Nce2 Nc6 7. Nf3 b5 8. a3
Rb8 9. c3 a5 10. f5 Be7 {0.07-0.33} 11. fxe6 fxe6 12. Nf4 Nf8 13. Bd3 Qb6 14.
Be3 cxd4 15. cxd4 g5 16. Nxg5 Nxe5 17. Qh5+ Kd7 18. O-O Nc4 19. Bf2 Rg8 20.
Ngxe6 Nxe6 21. Nxe6 Kc6 22. Nf4 Qd8 23. Rfe1 Bg5 24. Nxd5 Nd2 25. Rac1+ Nc4 26.
Bxc4 bxc4 27. Rxc4+ Kd6 28. Bg3+ Kxd5 29. Qf7+ Be6 30. Qxe6# 1-0

[Event "Kieler Open 2014-A"]
[Site "Kiel"]
[Date "2014.08.07"]
[Round "8.5"]
[White "Kang, Chuanqi"]
[Black "Bente, Björn"]
[Result "1-0"]
[WhiteElo "2302"]
[BlackElo "2285"]
[PlyCount "89"]
[EventDate "2014.??.??"]
[BlackTeam "Hamburg"]

1. e4 e6 2. d4 d5 3. e5 c5 4. c3 Nc6 5. Nf3 Bd7 6. Be2 Nge7 7. Na3 Ng6 8. h4
cxd4 9. cxd4 Bb4+ 10. Kf1 O-O 11. h5 Nh8 12. Nc2 Be7 13. h6 g6 14. Ne3 f5 15.
exf6 Bxf6 16. Ng4 Be7 17. g3 Nf7 18. Bf4 Nd6 19. Be5 Nxe5 20. Nfxe5 Be8 21. Kg2
Nf5 22. Qd2 Qb6 23. Nf3 Rc8 24. Rac1 Bb5 25. Bxb5 Qxb5 26. Rxc8 Rxc8 27. Rc1
Rxc1 28. Qxc1 Qc6 29. Qe1 Qd6 30. Qc3 Qc6 31. Qa5 Qb6 32. Qa4 Kf8 33. Nfe5 Qd8
34. Qxa7 Qc8 35. Nf3 Bd6 36. Qa5 Qc7 37. Qa8+ Qb8 38. Qa5 Bxg3 39. Ng5 Ke7 40.
Qe1 Qf4 41. Qxe6+ Kd8 42. Qg8+ Ke7 43. Qxh7+ Kd6 44. Qxg6+ Kd7 45. Ne5+ 1-0

[Event "Kieler Open 2014-A"]
[Site "Kiel"]
[Date "2014.08.07"]
[Round "8.6"]
[White "Buchholz, Sebastian"]
[Black "Chetverik, Maxim"]
[Result "0-1"]
[WhiteElo "2120"]
[BlackElo "2254"]
[PlyCount "54"]
[EventDate "2014.??.??"]
[WhiteTeam "Doppelbauer Kiel"]

1. e4 Nf6 2. e5 Nd5 3. d4 d6 4. Bc4 dxe5 5. dxe5 c6 6. Nf3 Bg4 7. O-O e6 8. Bb3
Nd7 9. c4 Ne7 10. Bg5 h6 11. Bxe7 Bxe7 12. Re1 Qa5 13. Nc3 O-O-O 14. Qe2 Bxf3
15. Qxf3 Nxe5 16. Qh5 Bf6 17. Ne4 Rd7 18. c5 Nd3 19. Red1 Rhd8 20. h3 Bxb2 21.
Rab1 Nf4 22. Qf3 Rxd1+ 23. Bxd1 Be5 24. g3 Rd3 25. Qg4 Qe1+ 26. Kh2 Qxe4 27.
gxf4 h5 0-1

[Event "Kieler Open 2014-A"]
[Site "Kiel"]
[Date "2014.08.07"]
[Round "8.7"]
[White "Van Voorthuijsen, Peewee"]
[Black "Nonnenmacher, Thomas"]
[Result "1-0"]
[WhiteElo "2206"]
[BlackElo "2174"]
[PlyCount "65"]
[EventDate "2014.??.??"]
[WhiteTeam "Amsterdam"]
[BlackTeam "Pinneberg"]

1. d4 Nf6 2. Nf3 c5 3. d5 e6 4. c4 exd5 5. cxd5 d6 6. Nc3 g6 7. g3 Bg7 8. Bg2
O-O 9. O-O Na6 10. h3 Nc7 11. a4 b6 12. Re1 Re8 13. e4 Bb7 14. Qc2 a6 15. Bf1
Rb8 16. Rb1 Bc8 17. b4 cxb4 18. Rxb4 Nd7 19. Bg5 f6 20. Be3 Nc5 21. Reb1 f5 22.
Nd4 Bd7 23. Nc6 Bxc6 24. dxc6 fxe4 25. Nxe4 a5 26. Nxc5 axb4 27. Nd7 Kh8 28.
Nxb8 Qxb8 29. Qd3 Ne6 30. Rxb4 Nc5 31. Qd5 Re5 32. c7 Qf8 33. Qxd6 1-0

[Event "Kieler Open 2014-A"]
[Site "Kiel"]
[Date "2014.08.07"]
[Round "8.8"]
[White "Rulofs, Henrik"]
[Black "Hofer, Emilian"]
[Result "0-1"]
[WhiteElo "1776"]
[BlackElo "2197"]
[PlyCount "66"]
[EventDate "2014.??.??"]
[WhiteTeam "Turm Kiel"]
[BlackTeam "Jedesheim"]

1. e4 e5 2. f4 exf4 3. Nf3 g5 4. d4 Bg7 5. Nc3 d6 6. g3 g4 7. Nh4 f3 8. Be3 Ne7
9. Qd2 Ng6 10. O-O-O Nxh4 11. gxh4 Nc6 12. h5 h6 13. Rg1 Qh4 14. Nd5 Kd8 15. e5
Bd7 16. exd6 cxd6 17. Nf4 Bf6 18. Bc4 Rf8 19. b4 Ne7 20. Bf2 Qxh2 21. Rh1 Qxf4
22. Qxf4 Bg5 23. Be3 Bxf4 24. Bxf4 Nf5 25. Rhg1 Rc8 26. Bd5 f2 27. Rg2 g3 28.
Kd2 Bb5 29. c4 Bxc4 30. Bxc4 Rxc4 31. Ke2 Re8+ 32. Kf1 Ne3+ 33. Bxe3 Rxe3 0-1

[Event "Kieler Open 2014-A"]
[Site "Kiel"]
[Date "2014.08.07"]
[Round "8.9"]
[White "Nixdorf, André"]
[Black "Franz, Karsten"]
[Result "0-1"]
[WhiteElo "1964"]
[BlackElo "2191"]
[PlyCount "32"]
[EventDate "2014.??.??"]
[WhiteTeam "Norderstedt"]
[BlackTeam "Dresden-Leuben"]

1. e4 g6 2. d4 Bg7 3. Nc3 d6 4. Nf3 Nc6 5. Be2 Nf6 6. O-O O-O 7. d5 Ne5 8. Nxe5
dxe5 9. Re1 Ne8 10. f4 Nd6 11. fxe5 Bxe5 12. Bh6 Re8 13. Qd2 e6 14. Rad1 exd5
15. exd5 Bf5 16. Nb5 Qh4 0-1

[Event "Kieler Open 2014-A"]
[Site "Kiel"]
[Date "2014.08.07"]
[Round "8.10"]
[White "Petri, Alexander"]
[Black "Uksini, Bardhyl"]
[Result "1/2-1/2"]
[WhiteElo "2164"]
[BlackElo "2063"]
[PlyCount "37"]
[EventDate "2014.??.??"]
[WhiteTeam "Doppelbauer Kiel"]
[BlackTeam "Hamburg"]

1. d4 Nf6 2. Nf3 e6 3. Bg5 c5 4. e3 Qb6 5. Qc1 Nc6 6. c3 Ne4 7. Bf4 d5 8. Nbd2
f5 9. Be2 Be7 10. Ne5 O-O 11. O-O Bf6 12. Nxe4 fxe4 13. Nxc6 Qxc6 14. f3 exf3
15. Bxf3 b6 16. Qd2 Ba6 17. Rfe1 Rad8 18. Bg3 Rfe8 19. Rad1 1/2-1/2

[Event "Kieler Open 2014-A"]
[Site "Kiel"]
[Date "2014.08.07"]
[Round "8.11"]
[White "Quiring, Nikolai"]
[Black "Hildenbrand, Peter"]
[Result "0-1"]
[WhiteElo "2078"]
[BlackElo "2240"]
[PlyCount "68"]
[EventDate "2014.??.??"]
[WhiteTeam "Rendsburg"]
[BlackTeam "Leimen"]

1. d4 d6 2. c4 e5 3. dxe5 dxe5 4. Qxd8+ Kxd8 5. Nc3 Be6 6. b3 c6 7. Bb2 Nd7 8.
O-O-O Kc7 9. e3 f6 10. Bd3 Ne7 11. Nge2 Nc8 12. Ng3 a5 13. Bf5 Bxf5 14. Nxf5
Ncb6 15. Ng3 g6 16. Nge4 Be7 17. Kc2 a4 18. g4 Rhf8 19. Nd2 Nc5 20. h4 Rfd8 21.
Nde4 Na6 22. Kb1 axb3 23. axb3 Rxd1+ 24. Nxd1 Nd7 25. f4 Rf8 26. Ndf2 exf4 27.
exf4 f5 28. Ng5 Bxg5 29. hxg5 fxg4 30. Rxh7 g3 31. Nh3 Nac5 32. Ba3 Kc8 33. Rg7
g2 34. b4 Ne6 0-1

[Event "Kieler Open 2014-A"]
[Site "Kiel"]
[Date "2014.08.07"]
[Round "8.12"]
[White "Neumann, Joachim"]
[Black "Friebe, Martin"]
[Result "1/2-1/2"]
[WhiteElo "2179"]
[BlackElo "2066"]
[PlyCount "119"]
[EventDate "2014.??.??"]
[WhiteTeam "Kieler SG"]
[BlackTeam "Kieler SG"]

1. d4 d5 2. Nf3 g6 3. g3 Bg7 4. Bg2 Nf6 5. O-O Bg4 6. c4 e6 7. Ne5 Bf5 8. Nc3
c6 9. h3 h5 10. Bg5 Nbd7 11. f3 Nxe5 12. e4 Nxf3+ 13. Bxf3 dxe4 14. Nxe4 O-O
15. Nf2 e5 16. dxe5 Qxd1 17. Raxd1 Nd7 18. b3 Nxe5 19. Bg2 Rfe8 20. Rd2 Re6 21.
Bf4 Rae8 22. Rfd1 Bf8 23. Rd8 Bc5 24. Kf1 Kg7 25. Rxe8 Rxe8 26. Bxe5+ Rxe5 27.
Nd3 Bxd3+ 28. Rxd3 Re7 29. Bf3 f5 30. Kg2 Kf6 31. Rd8 Re1 32. Rd1 Rxd1 33. Bxd1
Ke5 34. Kf3 Kd4 35. g4 hxg4+ 36. hxg4 fxg4+ 37. Kxg4 Be7 38. Kf4 a5 39. Bg4 a4
40. bxa4 g5+ 41. Kf5 Kxc4 42. Ke6 Bb4 43. Kd7 Ba5 44. Bf3 Kc5 45. Kc8 Kb6 46.
Kd7 c5 47. Be2 Bb4 48. Ke6 Ka5 49. Bd1 Ba3 50. Kd5 Kb4 51. Ke4 Kc3 52. Be2 Bc1
53. a5 Kb2 54. Kd3 Kxa2 55. Bf3 Kb3 56. Bxb7 c4+ 57. Ke2 c3 58. Be4 Bf4 59. a6
Bb8 60. Kf3 1/2-1/2

[Event "Kieler Open 2014-A"]
[Site "Kiel"]
[Date "2014.08.07"]
[Round "8.13"]
[White "Voelzke, Ferdinand"]
[Black "Berger, Joachim"]
[Result "1-0"]
[WhiteElo "2170"]
[BlackElo "2025"]
[PlyCount "75"]
[EventDate "2014.??.??"]
[WhiteTeam "Turm Kiel"]
[BlackTeam "Lübeck"]

1. Nf3 d5 2. g3 c5 3. Bg2 Nc6 4. O-O Nf6 5. c4 e6 6. b3 Be7 7. Bb2 O-O 8. e3
dxc4 9. bxc4 Qc7 10. Qe2 b6 11. d3 Bb7 12. Nc3 Rad8 13. Rad1 Rd7 14. Ne1 Rfd8
15. f4 Nb4 16. f5 Bxg2 17. Kxg2 a6 18. fxe6 fxe6 19. Kg1 Rf8 20. a3 Nc6 21. Qg2
Ne5 22. Ne4 Nxc4 23. Bc1 Ne5 24. Ng5 Qd6 25. Qh3 h6 26. Nxe6 Rf7 27. Nf4 Nd5
28. e4 Nc3 29. Rd2 Qd4+ 30. Kh1 Bg5 31. Bb2 Nc4 32. Nf3 Qe3 33. Bxc3 Nxd2 34.
Bxd2 Bxf4 35. Bxe3 Bxe3 36. Ne5 Rxf1+ 37. Qxf1 Re7 38. Nc4 1-0

[Event "Kieler Open 2014-A"]
[Site "Kiel"]
[Date "2014.08.07"]
[Round "8.14"]
[White "Horn, Sven"]
[Black "Schramm, Bernd"]
[Result "1-0"]
[WhiteElo "2158"]
[BlackElo "2024"]
[PlyCount "93"]
[EventDate "2014.??.??"]
[WhiteTeam "Oberschöneweide"]
[BlackTeam "Kieler SG"]

1. Nf3 Nf6 2. d4 e6 3. g3 b6 4. Bg2 Bb7 5. O-O c5 6. e3 Be7 7. c4 O-O 8. Nc3
Ne4 9. Qc2 Nxc3 10. Qxc3 d6 11. Rd1 Qc7 12. d5 e5 13. e4 Bc8 14. Qd3 Bd7 15. b3
Na6 16. Bb2 Qc8 17. a3 Bg4 18. Re1 f5 19. exf5 Qxf5 20. Qxf5 Rxf5 21. Nxe5 dxe5
22. d6 Re8 23. Bc6 Bxd6 24. Bxe8 Nb8 25. Re3 Bf3 26. Rd3 Bc7 27. Bd7 Nxd7 28.
Rxd7 Rf7 29. Rxf7 Kxf7 30. Bc3 Ke6 31. Kf1 g6 32. Ra2 h5 33. Rd2 g5 34. Rd3 g4
35. Ke1 Bc6 36. Bd2 Be4 37. Rc3 Bd8 38. Be3 Be7 39. Kd2 Bc6 40. Bh6 a5 41. Be3
Bd6 42. Bg5 Bc7 43. Ke3 Kf5 44. Be7 Ke6 45. Bh4 Kf5 46. Rd3 Ke6 47. Bd8 1-0

[Event "Kieler Open 2014-A"]
[Site "Kiel"]
[Date "2014.08.07"]
[Round "8.15"]
[White "Neumann, Frank"]
[Black "Rozycki, Bartlomiej"]
[Result "0-1"]
[WhiteElo "2028"]
[BlackElo "2128"]
[PlyCount "92"]
[EventDate "2014.??.??"]
[WhiteTeam "Agon Neumünster"]
[BlackTeam "KS Laura Chylice"]

1. d4 Nf6 2. Nf3 e6 3. c4 b6 4. g3 Bb7 5. Bg2 c5 6. O-O d5 7. cxd5 Nxd5 8. dxc5
Bxc5 9. e4 Nf6 10. Qxd8+ Kxd8 11. Ne5 Ke7 12. Nc3 Bd4 13. Nc4 Rc8 14. e5 Bxg2
15. exf6+ gxf6 16. Nxb6 axb6 17. Kxg2 Bxc3 18. bxc3 Rxc3 19. Be3 Nd7 20. Rfb1
Ra6 21. Rb4 e5 22. a4 f5 23. Rh4 e4 24. Rxh7 Rc4 25. h4 Raxa4 26. Rxa4 Rxa4 27.
h5 Ra8 28. h6 b5 29. Rg7 Rh8 30. g4 b4 31. g5 b3 32. Bd4 Nf8 33. Kg3 Ne6 34.
Rxf7+ Kxf7 35. Bxh8 Kg6 36. Bb2 Nc5 37. f3 e3 38. f4 Nd3 39. Kf3 Nxb2 40. Kxe3
Nd1+ 41. Kd2 Nf2 42. Kc3 Nh3 43. Kxb3 Nxf4 44. Kc4 Ne6 45. Kd5 Nxg5 46. Ke5
Nf7+ 0-1

[Event "Kieler Open 2014-A"]
[Site "Kiel"]
[Date "2014.08.07"]
[Round "8.16"]
[White "Haffner, Alexander"]
[Black "Kardoeus, David"]
[Result "1-0"]
[WhiteElo "2126"]
[BlackElo "2003"]
[PlyCount "185"]
[EventDate "2014.??.??"]
[WhiteTeam "Doppelbauer Kiel"]
[BlackTeam "Werder Bremen"]

1. d4 Nf6 2. Nf3 c5 3. d5 b5 4. c4 Bb7 5. Nc3 a6 6. Bg5 b4 7. Bxf6 exf6 8. Ne4
d6 9. Ng3 g6 10. h4 h5 11. e3 Bg7 12. Bd3 O-O 13. Qc2 Nd7 14. O-O Ne5 15. Be2
Nxf3+ 16. gxf3 f5 17. Kg2 Bc8 18. Rh1 Qf6 19. Rab1 a5 20. f4 Bd7 21. Nf1 Rfb8
22. Nd2 b3 23. axb3 a4 24. bxa4 Rxa4 25. b3 Ra3 26. Nf3 Qd8 27. Qd3 Qa5 28.
Rhc1 Qb4 29. Bd1 Ra2 30. Rc2 Ra3 31. Rcc1 Rba8 32. Bc2 Ra2 33. Kg3 Bb2 34. Rd1
R8a3 35. Ng5 Ba4 36. Qe2 Bd7 37. Nf3 Bf6 38. Ne1 Qa5 39. Qd2 Bc3 40. Qd3 Kg7
41. Nf3 Bf6 42. Rd2 Ba4 43. Bd1 Bd7 44. Rxa2 Rxa2 45. Bc2 Qb4 46. Ng5 Ra7 47.
Nf3 Rb7 48. Qd2 Qa3 49. Qc1 Qa2 50. Bd1 Ra7 51. Qc2 Qa5 52. Qd2 Qa3 53. Be2 Rb7
54. Qc2 Qb4 55. Qa2 Ba4 56. Bd1 Bd7 57. Qa6 Rb6 58. Qa7 Rb7 59. Qa2 Qb6 60. Qd2
Qa6 61. Bc2 Qa2 62. Ne1 Ba4 63. Qd1 Bd7 64. Nd3 Qa5 65. Qe1 Qd8 66. Qh1 Bc3 67.
Ra1 Bxa1 68. Qxa1+ f6 69. Qa6 Qb6 70. Qa8 Rb8 71. Qa1 Bc8 72. Ne1 Qb4 73. Nf3
Bb7 74. Ng5 Ra8 75. Ne6+ Kf7 76. Qd1 Qb6 77. Bxf5 Ra2 78. Bxg6+ Kxg6 79. Qb1+
f5 80. Qxa2 Bc8 81. Ng5 Bb7 82. Qa4 Qd8 83. Qb5 Bc8 84. Qb8 Qd7 85. Ne6 Qe8 86.
Ng5 Qd7 87. b4 cxb4 88. Qxb4 Qc7 89. Qc3 Ba6 90. Qh8 Bxc4 91. Qg8+ Qg7 92. Qe6+
Qf6 93. Qe8+ 1-0

[Event "Kieler Open 2014-A"]
[Site "Kiel"]
[Date "2014.08.07"]
[Round "8.17"]
[White "Schmidt, Peter"]
[Black "Saglam, Bülent"]
[Result "0-1"]
[WhiteElo "1924"]
[BlackElo "2097"]
[PlyCount "78"]
[EventDate "2014.??.??"]
[WhiteTeam "Kieler SG"]
[BlackTeam "Doppelbauer Kiel"]

1. e4 d6 2. d4 g6 3. Nc3 Bg7 4. f4 Nc6 5. Be3 e6 6. Nf3 Nce7 7. Bd3 d5 8. O-O
dxe4 9. Nxe4 Nd5 10. Bd2 Ngf6 11. Qe2 Nxe4 12. Qxe4 Nf6 13. Qe2 O-O 14. c3 Qd6
15. Ne5 b6 16. Ba6 Bxa6 17. Qxa6 c5 18. Nc4 Qd7 19. dxc5 b5 20. Nd6 Rab8 21.
Rad1 Nd5 22. Bc1 b4 23. c4 Nc7 24. Qxa7 Qc6 25. a3 Na6 26. Nb5 Rb7 27. Rd6 Qxd6
28. Qxb7 Qxc5+ 29. Kh1 Qxc4 30. Rd1 Qe2 31. Qd7 Nc5 32. Qd2 Qxb5 33. axb4 Ne4
34. Qe1 Qh5 35. Rd3 Rc8 36. Be3 Bxb2 37. Bc5 Nxc5 38. bxc5 Rxc5 39. g3 Rc1 0-1

[Event "Kieler Open 2014-A"]
[Site "Kiel"]
[Date "2014.08.07"]
[Round "8.18"]
[White "Rabe, Klaus"]
[Black "Hilbig, Dieter"]
[Result "0-1"]
[WhiteElo "2054"]
[BlackElo "2020"]
[PlyCount "96"]
[EventDate "2014.??.??"]
[WhiteTeam "Kieler SG"]
[BlackTeam "Gera"]

1. d4 Nf6 2. c4 e6 3. Nc3 d5 4. Bg5 c6 5. e3 Be7 6. Nf3 Nbd7 7. Rc1 O-O 8. Bd3
Re8 9. O-O dxc4 10. Bxc4 Nd5 11. Bf4 Nxf4 12. exf4 a6 13. Qe2 Nb6 14. Bb3 Nd5
15. g3 b5 16. Ne4 Bb7 17. Nc5 Bxc5 18. Rxc5 g6 19. a3 Qd6 20. Rfc1 Rac8 21. h4
Ne7 22. Qd2 Nd5 23. h5 Nf6 24. hxg6 hxg6 25. Qe3 Red8 26. R5c3 Nd5 27. Bxd5
cxd5 28. b4 Rc4 29. Ne5 Kg7 30. Nxc4 dxc4 31. Qe5+ f6 32. Qxd6 Rxd6 33. f3 Rxd4
34. Kf2 Rd6 35. Ke3 Bc6 36. R1c2 Rd8 37. Rd2 Bd5 38. g4 Rh8 39. f5 Rh3 40. fxe6
Rxf3+ 41. Kd4 Rxc3 42. Kxc3 Bxe6 43. Rd6 Bxg4 44. Rxa6 Bd1 45. a4 bxa4 46. b5
g5 47. b6 Bf3 48. Kxc4 Be2+ 0-1

[Event "Kieler Open 2014-A"]
[Site "Kiel"]
[Date "2014.08.07"]
[Round "8.19"]
[White "Rosmait, Emily"]
[Black "Skogvall, Martina"]
[Result "0-1"]
[WhiteElo "1824"]
[BlackElo "2060"]
[PlyCount "106"]
[EventDate "2014.??.??"]
[WhiteTeam "Harksheide"]
[BlackTeam "SF Berlin"]

1. e4 Nf6 2. e5 Nd5 3. d4 d6 4. c4 Nb6 5. exd6 exd6 6. Nc3 Nc6 7. Be3 Be7 8. b3
Bf5 9. Bd3 Qd7 10. Nge2 O-O 11. O-O Bf6 12. Ne4 Bxe4 13. Bxe4 d5 14. Bd3 dxc4
15. bxc4 Rad8 16. c5 Nd5 17. Rb1 Rfe8 18. Rxb7 Rxe3 19. fxe3 Nxe3 20. Qb1 Nxf1
21. Bxh7+ Kf8 22. Bf5 Qe7 23. Kxf1 Nxd4 24. Nxd4 Bxd4 25. Rb8 Bxc5 26. Qb5 Bb6
27. Rxd8+ Qxd8 28. Qd7 Qg5 29. Qc8+ Ke7 30. Qd7+ Kf6 31. g4 Qc1+ 32. Ke2 g6 33.
Bd3 Qe3+ 34. Kd1 Qg1+ 35. Kc2 Qxh2+ 36. Kb3 Qf4 37. Qd8+ Kg7 38. g5 Bd4 39. Bc4
Qe3+ 40. Ka4 Qf4 41. Qd5 c5 42. Qd7 Be3 43. Qd5 Qc7 44. Qg2 Qd7+ 45. Ka3 Bc1+
46. Kb3 Qd1+ 47. Kc3 Qd4+ 48. Kb3 a5 49. Bd5 a4+ 50. Kc2 Bf4 51. Bc6 Qc4+ 52.
Kd1 Qd3+ 53. Ke1 Bg3+ 0-1

[Event "Kieler Open 2014-A"]
[Site "Kiel"]
[Date "2014.08.07"]
[Round "8.20"]
[White "Möller, Dustin"]
[Black "Meyers, Mark"]
[Result "0-1"]
[WhiteElo "1819"]
[BlackElo "2007"]
[PlyCount "90"]
[EventDate "2014.??.??"]
[WhiteTeam "Eckernförde"]
[BlackTeam "Heinsberg"]

1. d4 Nf6 2. c4 e6 3. Nc3 Bb4 4. Qc2 O-O 5. a3 Bxc3+ 6. Qxc3 d5 7. Bg5 c5 8.
cxd5 cxd4 9. Qxd4 Nc6 10. Qc3 Nxd5 11. Bxd8 Nxc3 12. Bh4 Na4 13. b3 Nd4 14. Rb1
Nc3 15. Rc1 Nd5 16. e4 Nf6 17. Bxf6 gxf6 18. Ne2 Nxb3 19. Rc3 Na5 20. Rg3+ Kh8
21. Nf4 e5 22. Nd5 Be6 23. Bd3 f5 24. Nc7 Rac8 25. Nxe6 fxe6 26. O-O f4 27. Rg5
Nc6 28. Rb1 b6 29. Bb5 Rg8 30. Rxg8+ Kxg8 31. Rc1 Ne7 32. Rxc8+ Nxc8 33. Bd7
Nd6 34. Bxe6+ Kf8 35. Bd5 a5 36. Kf1 Ke7 37. Ke1 Nb5 38. a4 Nc3 39. Bc6 Kd6 40.
Kd2 Nb1+ 41. Kc1 Kxc6 42. Kxb1 Kc5 43. g4 fxg3 44. hxg3 Kd4 45. f3 Ke3 0-1

[Event "Kieler Open 2014-A"]
[Site "Kiel"]
[Date "2014.08.07"]
[Round "8.21"]
[White "Garcia Ruiz, Adrian"]
[Black "Simon, Christopher"]
[Result "1/2-1/2"]
[WhiteElo "1794"]
[BlackElo "1960"]
[PlyCount "108"]
[EventDate "2014.??.??"]
[BlackTeam "Bad Schwartau"]

1. d4 f5 2. Nf3 Nf6 3. c4 e6 4. Nc3 d5 5. e3 c6 6. Ne5 Bd6 7. f4 O-O 8. Be2
Nbd7 9. O-O Ne4 10. Nxe4 fxe4 11. c5 Nxe5 12. fxe5 Be7 13. Bd2 Bd7 14. Rxf8+
Qxf8 15. Qf1 Qf5 16. b4 Rf8 17. a4 Qg6 18. Qc1 Bh4 19. Be1 Bxe1 20. Qxe1 Qe8
21. Qc3 a6 22. Rb1 Qf7 23. Rf1 Qe8 24. Qe1 Rxf1+ 25. Qxf1 Qf7 26. Qf2 Qxf2+ 27.
Kxf2 Kf7 28. Kg3 Ke7 29. Kf4 Be8 30. g4 Kf7 31. g5 g6 32. h4 Ke7 33. Bf1 Kf7
34. Kg3 Ke7 35. Kf2 Kd8 36. Ke1 Kc7 37. Kd2 Kd8 38. Kc3 Kc7 39. Kb3 Bd7 40. Be2
Be8 41. b5 cxb5 42. axb5 Bxb5 43. Bg4 Bd7 44. Kb4 b6 45. cxb6+ Kxb6 46. Bd1 Be8
47. Be2 Bb5 48. Bg4 Bd7 49. h5 a5+ 50. Ka3 Kb5 51. hxg6 hxg6 52. Be2+ Kb6 53.
Bg4 Kb5 54. Be2+ Kb6 1/2-1/2

[Event "Kieler Open 2014-A"]
[Site "Kiel"]
[Date "2014.08.07"]
[Round "8.22"]
[White "Beeck, Mats"]
[Black "Neuendorf, Max"]
[Result "1-0"]
[WhiteElo "1897"]
[BlackElo "1885"]
[PlyCount "85"]
[EventDate "2014.??.??"]
[WhiteTeam "Doppelbauer Kiel"]
[BlackTeam "Flensburg"]

1. c4 c6 2. d4 d5 3. Nf3 Nf6 4. g3 g6 5. cxd5 cxd5 6. Bg2 Bg7 7. Nc3 O-O 8. Ne5
e6 9. Bg5 h6 10. Bxf6 Bxf6 11. Qd2 Bxe5 12. dxe5 Kg7 13. O-O h5 14. Rfd1 Nc6
15. f4 Qb6+ 16. e3 Rd8 17. Na4 Qb4 18. Qxb4 Nxb4 19. Rd2 b6 20. a3 Na6 21. b4
Bd7 22. Nc3 Rdc8 23. Ne2 Ba4 24. e4 dxe4 25. Bxe4 Rab8 26. Kf2 Rd8 27. Rxd8
Rxd8 28. Ke3 Nc7 29. Rc1 Rd7 30. Nd4 Nb5 31. Nxb5 Bxb5 32. h3 Kf8 33. g4 hxg4
34. hxg4 Ke7 35. Rc2 Ba4 36. Rc1 Bb5 37. f5 gxf5 38. gxf5 exf5 39. Bxf5 Rb7 40.
Kd4 Ba4 41. Bc8 Rb8 42. Rc7+ Ke8 43. Rxa7 1-0

[Event "Kieler Open 2014-A"]
[Site "Kiel"]
[Date "2014.08.07"]
[Round "8.23"]
[White "Kröncke, Manfred"]
[Black "Nahnsen, Kenneth"]
[Result "1/2-1/2"]
[WhiteElo "2024"]
[BlackElo "1794"]
[PlyCount "82"]
[EventDate "2014.??.??"]
[WhiteTeam "Glückstadt "]
[BlackTeam "Doppelbauer Kiel"]

1. e4 c5 2. Nf3 d6 3. Bb5+ Bd7 4. a4 a6 5. Bc4 Nf6 6. d3 e6 7. e5 dxe5 8. Nxe5
Bd6 9. Qe2 Nc6 10. Nxd7 Qxd7 11. Bg5 Nd4 12. Qd1 Nd5 13. c3 Nc6 14. Nd2 Ne5 15.
Ne4 Bf8 16. O-O h6 17. Bc1 Nxc4 18. dxc4 Nb6 19. Qb3 Qc6 20. Rd1 Rd8 21. Rxd8+
Kxd8 22. Bf4 Kc8 23. f3 Be7 24. a5 Na8 25. Rd1 Rd8 26. Rxd8+ Kxd8 27. Qd1+ Qd7
28. Qe2 f5 29. Nf2 g5 30. Be5 Qa4 31. g3 Qxa5 32. Bg7 Nc7 33. Qd2+ Ke8 34. Bxh6
Qa2 35. Nd3 Qxc4 36. f4 Qd5 37. Qe2 c4 38. Qh5+ Kd8 39. Ne5 g4 40. Bg5 Qd1+ 41.
Kf2 Qd2+ 1/2-1/2

[Event "Kieler Open 2014-A"]
[Site "Kiel"]
[Date "2014.08.07"]
[Round "8.24"]
[White "Dreessen, Jakob"]
[Black "Praczukowski, Stanislaw"]
[Result "1-0"]
[WhiteElo "1869"]
[BlackElo "2018"]
[PlyCount "99"]
[EventDate "2014.??.??"]
[WhiteTeam "Segeberg"]
[BlackTeam "KS Laura Chylice"]

1. e4 c5 2. Nc3 d6 3. f4 Nc6 4. Nf3 e6 5. Bc4 Nf6 6. O-O Be7 7. d3 d5 8. Bb5
O-O 9. Bxc6 bxc6 10. Qe1 Ba6 11. Ne5 Qc7 12. Rf3 d4 13. Ne2 Bd6 14. Rh3 g6 15.
Qh4 Be7 16. Qh6 Rfe8 17. g4 Bf8 18. Qh4 Bg7 19. g5 Nh5 20. Ng4 Qe7 21. e5 c4
22. Nf6+ Bxf6 23. gxf6 Qb4 24. a3 Qa5 25. Qf2 Kh8 26. Ng3 Qd5 27. Ne4 cxd3 28.
Ng5 Rf8 29. cxd3 c5 30. Bd2 Bb7 31. Kf1 Qh1+ 32. Qg1 Bg2+ 33. Ke2 Qxg1 34. Rxg1
Bxh3 35. Nxh3 Rfb8 36. b4 cxb4 37. axb4 a5 38. bxa5 Rb2 39. Ra1 h6 40. Ra4 g5
41. fxg5 hxg5 42. Rxd4 Rxa5 43. Rd8+ Kh7 44. Nxg5+ Kg6 45. Rg8+ Kf5 46. Nxf7
Rxd2+ 47. Kxd2 Kf4 48. Ng5 Rxe5 49. f7 Rf5 50. Nxe6+ 1-0

[Event "Kieler Open 2014-A"]
[Site "Kiel"]
[Date "2014.08.07"]
[Round "8.25"]
[White "Blanco-Cardenas, Ernesto"]
[Black "Jacobsen, Mikkel M"]
[Result "0-1"]
[WhiteElo "1875"]
[BlackElo "2007"]
[PlyCount "46"]
[EventDate "2014.??.??"]
[WhiteTeam "Segeberg"]
[BlackTeam "Flensburg"]

1. d4 d5 2. c4 c6 3. Nc3 Nf6 4. Nf3 e6 5. e3 Nbd7 6. cxd5 exd5 7. Bd3 Bd6 8. a3
O-O 9. O-O Re8 10. Qc2 Qe7 11. Re1 Ne4 12. b4 Ndf6 13. Bb2 Ng4 14. Bxe4 dxe4
15. Ne5 Nxe5 16. dxe5 Qxe5 17. g3 Bg4 18. Ne2 Qh5 19. h4 Bf3 20. Nf4 Qg4 21.
Kh2 g5 22. Ng2 gxh4 23. Nxh4 Qxh4+ 0-1

[Event "Kieler Open 2014-A"]
[Site "Kiel"]
[Date "2014.08.07"]
[Round "8.26"]
[White "Guetschow, Martin"]
[Black "Gutschenreiter, Dorian"]
[Result "1-0"]
[WhiteElo "1991"]
[BlackElo "1874"]
[PlyCount "43"]
[EventDate "2014.??.??"]
[SourceDate "2014.08.11"]

1. e4 c5 2. d4 cxd4 3. c3 dxc3 4. Nxc3 d6 5. Bc4 Nc6 6. Nf3 Nf6 7. O-O e6 8.
Qe2 Be7 9. Rd1 Ng4 10. Bf4 e5 11. Bg3 Nf6 12. Bxe5 Nxe5 13. Nxe5 Be6 14. Bb5+
Kf8 15. Rac1 a6 16. Bc4 Qb6 17. Bxe6 fxe6 18. Nc4 Qc7 19. e5 dxe5 20. Nxe5 Rc8
21. a3 Nd5 22. Qh5 1-0

[Event "Kieler Open 2014-A"]
[Site "Kiel"]
[Date "2014.08.07"]
[Round "8.27"]
[White "Hauptmann, Thomas"]
[Black "Millgramm, Stephan"]
[Result "1/2-1/2"]
[WhiteElo "1971"]
[BlackElo "1865"]
[PlyCount "55"]
[EventDate "2014.??.??"]
[WhiteTeam "Amsterdam"]
[BlackTeam "Flensburg"]

1. e4 g6 2. d4 Bg7 3. Nf3 d6 4. Be2 Nf6 5. Nc3 O-O 6. h3 c6 7. a4 b6 8. O-O Ba6
9. Bxa6 Nxa6 10. Qe2 Nc7 11. Rd1 Nd7 12. Bg5 Ne6 13. Be3 Nc7 14. Qd2 a5 15. Bh6
Na6 16. Bxg7 Kxg7 17. Qf4 Nb4 18. Rac1 Rb8 19. e5 d5 20. h4 e6 21. Ne2 c5 22.
h5 c4 23. h6+ Kg8 24. Nc3 Nc6 25. Nb5 Qe7 26. c3 Rb7 27. Qe3 Na7 28. Nxa7
1/2-1/2

[Event "Kieler Open 2014-A"]
[Site "Kiel"]
[Date "2014.08.07"]
[Round "8.28"]
[White "Rohmann, Volker"]
[Black "Diederichs, Luise"]
[Result "1/2-1/2"]
[WhiteElo "1850"]
[BlackElo "1968"]
[PlyCount "36"]
[EventDate "2014.??.??"]

1. e4 c5 2. Nf3 d6 3. d4 cxd4 4. Nxd4 Nf6 5. Nc3 a6 6. Be2 e5 7. Nb3 Be6 8. O-O
Nbd7 9. Be3 Be7 10. Qd2 b5 11. f3 O-O 12. Nd5 Bxd5 13. exd5 Nb6 14. Bxb6 Qxb6+
15. Kh1 Rac8 16. c3 Nh5 17. g3 Nf6 18. Qd3 Nd7 1/2-1/2